<?xml version="1.0" encoding="UTF-8"?>
<record
    xmlns:xsi="http://www.w3.org/2001/XMLSchema-instance"
    xsi:schemaLocation="http://www.loc.gov/MARC21/slim http://www.loc.gov/standards/marcxml/schema/MARC21slim.xsd"
    xmlns="http://www.loc.gov/MARC21/slim">

  <leader>02077cam a22003378a 4500</leader>
  <controlfield tag="001">15373965</controlfield>
  <controlfield tag="003">OSt</controlfield>
  <controlfield tag="005">20210414114202.0</controlfield>
  <controlfield tag="008">080721s2008    nju           001 0 eng  </controlfield>
  <datafield tag="010" ind1=" " ind2=" ">
    <subfield code="a">  2008031126</subfield>
  </datafield>
  <datafield tag="020" ind1=" " ind2=" ">
    <subfield code="a">9780136058960 (pbk.)</subfield>
  </datafield>
  <datafield tag="020" ind1=" " ind2=" ">
    <subfield code="a">0136058965 (pbk.)</subfield>
  </datafield>
  <datafield tag="040" ind1=" " ind2=" ">
    <subfield code="a">DLC</subfield>
    <subfield code="c">DLC</subfield>
    <subfield code="d">DLC</subfield>
  </datafield>
  <datafield tag="050" ind1="0" ind2="0">
    <subfield code="a">HB172.5</subfield>
    <subfield code="b">.C375 2008</subfield>
  </datafield>
  <datafield tag="082" ind1="0" ind2="0">
    <subfield code="a">339</subfield>
    <subfield code="2">22</subfield>
  </datafield>
  <datafield tag="100" ind1="1" ind2=" ">
    <subfield code="a">Case, Karl E.</subfield>
  </datafield>
  <datafield tag="245" ind1="1" ind2="0">
    <subfield code="a">Principles of macroeconomics. /</subfield>
    <subfield code="c">Karl E. Case, Ray C. Fair, Sharon M. Oster.</subfield>
  </datafield>
  <datafield tag="250" ind1=" " ind2=" ">
    <subfield code="a">9th ed.</subfield>
  </datafield>
  <datafield tag="260" ind1=" " ind2=" ">
    <subfield code="a">Upper Saddle River, NJ :</subfield>
    <subfield code="b">Prentice Hall,</subfield>
    <subfield code="c">2008.</subfield>
  </datafield>
  <datafield tag="263" ind1=" " ind2=" ">
    <subfield code="a">0809</subfield>
  </datafield>
  <datafield tag="300" ind1=" " ind2=" ">
    <subfield code="a">p. cm.</subfield>
  </datafield>
  <datafield tag="500" ind1=" " ind2=" ">
    <subfield code="a">Includes index.</subfield>
  </datafield>
  <datafield tag="505" ind1="0" ind2=" ">
    <subfield code="a">Contents:The Scope and method of economics -- The Economic problem : scarcity and choice -- Demand, supply, and market equilibrium -- Demand and supply applications -- Introduction to macroeconomics -- Measuring national output and national income -- Unemployment, inflation, and long-run growth -- Aggregate expenditure and equilibrium output -- The Government and fiscal policy -- The Money supply and the Federal Reserve System -- Money demand and the equilibrium interest rate -- Aggregate demand in the goods and money markets -- Aggregate supply and the equilibrium price level -- The labor market in the macroeconomy -- Policy timing, deficit targeting, and stock market effects -- Household and firm behavior in the macro economy : a further look -- Long-run growth -- Debates in macroeconomics : monetarism, new classical theory, and supply-side economics -- International trade, comparative advantage, and protectionism -- Open-economy macroeconomics : the balance of payments and exchange rates -- Economic growth in developing and transitional economies.</subfield>
  </datafield>
  <datafield tag="650" ind1=" " ind2="0">
    <subfield code="a">Macroeconomics.</subfield>
  </datafield>
  <datafield tag="700" ind1="1" ind2=" ">
    <subfield code="a">Fair, Ray C.</subfield>
  </datafield>
  <datafield tag="700" ind1="1" ind2=" ">
    <subfield code="a">Oster, Sharon M.</subfield>
  </datafield>
  <datafield tag="856" ind1="4" ind2="1">
    <subfield code="3">Table of contents only</subfield>
    <subfield code="u">http://www.loc.gov/catdir/toc/ecip0823/2008031126.html</subfield>
  </datafield>
  <datafield tag="906" ind1=" " ind2=" ">
    <subfield code="a">7</subfield>
    <subfield code="b">rix</subfield>
    <subfield code="c">orignew</subfield>
    <subfield code="d">1</subfield>
    <subfield code="e">ecip</subfield>
    <subfield code="f">20</subfield>
    <subfield code="g">y-gencatlg</subfield>
  </datafield>
  <datafield tag="942" ind1=" " ind2=" ">
    <subfield code="2">lcc</subfield>
    <subfield code="c">BK</subfield>
  </datafield>
  <datafield tag="999" ind1=" " ind2=" ">
    <subfield code="c">2691</subfield>
    <subfield code="d">10191</subfield>
  </datafield>
  <datafield tag="952" ind1=" " ind2=" ">
    <subfield code="0">0</subfield>
    <subfield code="1">0</subfield>
    <subfield code="2">lcc</subfield>
    <subfield code="4">0</subfield>
    <subfield code="7">0</subfield>
    <subfield code="a">WIUC-1</subfield>
    <subfield code="b">WIUC-1</subfield>
    <subfield code="c">REF</subfield>
    <subfield code="d">2013-11-29</subfield>
    <subfield code="l">0</subfield>
    <subfield code="o">HB172.5 .C375</subfield>
    <subfield code="p">7039/56/13</subfield>
    <subfield code="r">2013-11-29 00:00:00</subfield>
    <subfield code="t">1</subfield>
    <subfield code="w">2013-11-29</subfield>
    <subfield code="y">BK</subfield>
  </datafield>
  <datafield tag="952" ind1=" " ind2=" ">
    <subfield code="0">0</subfield>
    <subfield code="1">0</subfield>
    <subfield code="2">lcc</subfield>
    <subfield code="4">0</subfield>
    <subfield code="7">0</subfield>
    <subfield code="a">WIUC-1</subfield>
    <subfield code="b">WIUC-1</subfield>
    <subfield code="c">REF</subfield>
    <subfield code="d">2013-11-29</subfield>
    <subfield code="l">0</subfield>
    <subfield code="o">HB172.5 .C3751</subfield>
    <subfield code="p">7040/57/13</subfield>
    <subfield code="r">2013-11-29 00:00:00</subfield>
    <subfield code="t">2</subfield>
    <subfield code="w">2013-11-29</subfield>
    <subfield code="y">BK</subfield>
  </datafield>
  <datafield tag="952" ind1=" " ind2=" ">
    <subfield code="0">0</subfield>
    <subfield code="1">0</subfield>
    <subfield code="2">lcc</subfield>
    <subfield code="4">0</subfield>
    <subfield code="7">0</subfield>
    <subfield code="a">WIUC-1</subfield>
    <subfield code="b">WIUC-1</subfield>
    <subfield code="c">REF</subfield>
    <subfield code="d">2013-11-29</subfield>
    <subfield code="l">0</subfield>
    <subfield code="o">HB172.5 .C3752</subfield>
    <subfield code="p">7041/58/13</subfield>
    <subfield code="r">2013-11-29 00:00:00</subfield>
    <subfield code="t">3</subfield>
    <subfield code="w">2013-11-29</subfield>
    <subfield code="y">BK</subfield>
  </datafield>
</record>
